000 00479cam a2200145 4500500
005 20251012011331.0
041 _afre
042 _adc
100 1 0 _aN’Diaye, Aïda
_eauthor
245 0 0 _aMission impensable. Marx et “Le Capital”
260 _c2014.
500 _a14
786 0 _nPhilosophie magazine | 85 | 12-1 | 2014-12-01 | p. 54-54 | 1951-1787
856 4 1 _uhttps://shs.cairn.info/magazine-philosophie-magazine-2014-12-1-page-54?lang=fr&redirect-ssocas=7080
999 _c1522633
_d1522633